|
|
|
|
| LEADER |
00000nam a22000007i 4500 |
| 001 |
IT\ICCU\UBO\2255095 |
| 003 |
ItRI |
| 005 |
20260115231820.0 |
| 008 |
030723s1995 xxk|||||| ||||| |||||c |
| 020 |
|
|
|a 0751506990
|
| 040 |
|
|
|b ita
|c importazione bologna sebina
|
| 041 |
|
7 |
|a eng
|2 ISO-639-2
|
| 082 |
|
|
|a 823.914
|9 NARRATIVA INGLESE. 1945-
|2 19
|
| 100 |
1 |
|
|a Fowler, Christopher
|0 IT\ICCU\LO1V\130623
|4 aut
|
| 245 |
1 |
0 |
|a Spanky /
|c Christopher Fowler.
|
| 260 |
|
|
|a London :
|b Warner Books,
|c 1995
|
| 300 |
|
|
|a 338 p. ;
|c 18 cm.
|
| 790 |
1 |
|
|a Fower, Christopher
|3 IT\ICCU\CFIV\153361
|z Fowler, Christopher
|
| 942 |
|
|
|2 ddc
|c BK
|n 0
|
| 952 |
|
|
|0 0
|1 0
|4 0
|6 DOC_820_900000000000000_FOW
|7 0
|9 13408
|a BO
|b BO
|d 2026-01-15
|i 7495
|l 0
|o DOC 820.900 FOW
|p BO7495
|r 2026-01-15 23:18:20
|w 2026-01-15
|x [Sebina 5] [1 v.]
|y BK
|z 1 v.
|
| 999 |
|
|
|c 11521
|d 11521
|